Vplyv bázy na ziskovosť produktov životného poistenia diplomová práca

Na minha lista:
Detalhes bibliográficos
Autor principal: Pažitná, Lenka
Autor Corporativo: Fakulta hospodárskej informatiky EU. Katedra matematiky
Outros Autores: Sakálová, Katarína, 1955-
Formato: Livro
Idioma:eslovaco
Publicado em: Bratislava 2013
Tags: Adicionar Tag
Sem tags, seja o primeiro a adicionar uma tag!

MARC

LEADER 00000nbm a2200000 4500
001 0171739
005 20161109102454.6
041 0 |a slo 
044 |a SK 
245 1 0 |a Vplyv bázy na ziskovosť produktov životného poistenia  |b diplomová práca  |c Lenka Pažitná ; školiteľ: Katarína Sakálová 
264 1 |a Bratislava  |c 2013 
300 |a 66 s. 
100 1 |a Pažitná, Lenka 
700 1 |a Sakálová, Katarína, 1955- 
710 2 |a Fakulta hospodárskej informatiky EU. Katedra matematiky